000 00531nam a22001937a 4500
003 KOHA_MİRAKIL
005 20250417133343.0
008 250417b tu ||||| |||| 00| 0 tur d
020 _a9786050832327
040 _aTR-AnABB
_btur
_cTR-AnABB
041 _atur
082 _a813.42
_bYUN 2020
100 1 _aYuncel, R. Berin,
245 1 0 _aHer an yeniden /
_cR. Berin Tuncel
260 _aİstanbul :
_bTimaş Yayınları,
_c2020
300 _a149 sayfa ;
_c20 cm
650 0 4 _aTürk edebiyatı, roman
942 _2ddc
_cBK
999 _c8741
_d8741
900 _bGizem YORULMAZ